Catálogo
 En Linea

Respuesta humanitaria de Oxfam Internacional a poblaciones afectadas por las tormentas Noel y Olga en la República Dominicana : (Registro nro. 30548)

Detalles MARC
000 -CABECERA
campo de control de longitud fija 00795nam a2200193 a 4500
001 - NÚMERO DE CONTROL
campo de control 000031056
005 - FECHA Y HORA DE LA ÚLTIMA TRANSACCIÓN
campo de control 20200930062657.0
008 - DATOS DE LONGITUD FIJA--INFORMACIÓN GENERAL
campo de control de longitud fija 110613s2009 dr ac 000 0 spa d
040 ## - FUENTE DE LA CATALOGACIÓN
Centro catalogador/agencia de origen DO-SdBNP
Lengua de catalogación spa
Centro/agencia transcriptor BNPHU
082 ## - NÚMERO DE LA CLASIFICACIÓN DECIMAL DEWEY
Número de clasificación xxxx
Número de documento/Ítem R434
049 ## - FONDOS LOCALES (OCLC)
Fondos de biblioteca BNDP
245 00 - MENCIÓN DE TÍTULO
Título Respuesta humanitaria de Oxfam Internacional a poblaciones afectadas por las tormentas Noel y Olga en la República Dominicana :
Resto del título rendición de cuenta.
260 ## - PUBLICACIÓN, DISTRIBUCIÓN, ETC.
Lugar de publicación, distribución, etc. Santo Domingo :
Nombre del editor, distribuidor, etc. Oxfam Internacional,
Fecha de publicación, distribución, etc. [2009?].
300 ## - DESCRIPCIÓN FÍSICA
Extensión 30 p. :
Otras características físicas il., retrs.
710 2# - PUNTO DE ACCESO ADICIONAL--NOMBRE DE ENTIDAD CORPORATIVA
Nombre de entidad corporativa o nombre de jurisdicción como elemento de entrada Direción General de Ayuda de la Comunidad Europea
9 (RLIN) 57536
710 2# - PUNTO DE ACCESO ADICIONAL--NOMBRE DE ENTIDAD CORPORATIVA
Nombre de entidad corporativa o nombre de jurisdicción como elemento de entrada Embajada de la República Federal de Alemania Santo Domingo
9 (RLIN) 57537
710 2# - PUNTO DE ACCESO ADICIONAL--NOMBRE DE ENTIDAD CORPORATIVA
Nombre de entidad corporativa o nombre de jurisdicción como elemento de entrada Generalitat Valenciana
9 (RLIN) 57538
710 2# - PUNTO DE ACCESO ADICIONAL--NOMBRE DE ENTIDAD CORPORATIVA
Nombre de entidad corporativa o nombre de jurisdicción como elemento de entrada Agencia Canadiense de Cooperación Internacional (CIDA)
9 (RLIN) 57539
Existencias
Estado de retiro Estado de pérdida No para préstamo Código de colección Localización permanente Ubicación/localización actual Ubicación en estantería Fecha de adquisición Número de inventario Total de préstamos Signatura topográfica completa Código de barras Fecha visto por última vez Número de copia Precio válido a partir de Tipo de ítem Koha
    Excluido de préstamo Dominicana de Servicio General General En catalogación 13.06.2011 LF1   xxxx R434 31056-30 25.06.2020 e. 3 25.06.2020 Libro y Folleto Colección Dominicana de Servicio
    Excluido de préstamo Patrimonio Dominicano Patrimonio Dominicano Patrimonio Dominicano En catalogación 13.06.2011 LF1   xxxx R434 31056-10 25.06.2020   25.06.2020 Libro y Folleto Colección Patrimonio Dominicano
    Excluido de préstamo Patrimonio Dominicano Patrimonio Dominicano Patrimonio Dominicano En catalogación 13.06.2011 LF1   xxxx R434 31056-20 25.06.2020 e. 2 25.06.2020 Libro y Folleto Colección Patrimonio Dominicano
      Patrimonio Dominicano Patrimonio Dominicano Patrimonio Dominicano Orden iniciada 13.06.2011 LF1   xxxx R434 31057-10 25.06.2020   25.06.2020 Libro y Folleto Colección Patrimonio Dominicano

Con tecnología Koha